Caricamento...

Perceptiries in chemorecept on and behaviour /

Dettagli Bibliografici
Autore principale: ChapmanRF
Natura: Printed Book
Lingua:English
Pubblicazione: New York : Springer-verlag c1987.
LEADER 00372nam a2200109Ia 4500
008 130611s9999 xx 000 0 eng d
100 |a ChapmanRF 
245 |a Perceptiries in chemorecept on and behaviour / 
260 |a New York :  |b Springer-verlag  |c c1987. 
942 |c BK 
999 |c 128306  |d 128306 
952 |0 0  |1 0  |4 0  |7 0  |9 141689  |a ZOO  |b ZOO  |c ST1  |d 2013-06-11  |l 0  |p ZOO4033  |r 2013-06-11  |w 2013-06-11  |y BK